logoz #1 - Statistics

General Stats
  • This quiz has been taken 21 times
  • The average score is 16 of 20
Answer Stats
Picture Answer % Correct
Taco Bell
100%
Wikipedia
100%
Adidas
95%
Amazon
95%
Apple
95%
Harley-Davidson
95%
Pepsi
95%
Pizza Hut
95%
PlayStation
95%
Pringles
95%
Target
95%
BP
90%
Dolby
90%
Atari
80%
Firestone
80%
Pop Tarts
75%
Blu-Ray
60%
Xerox
55%
Pocky
35%
Aer lingus
20%
No matching quizzes found
Score Distribution
Percent of People with Each Score
Percentile by Number Answered
Your Score History
You have not taken this quiz